Non-Violence and Peace-Building In Islam (Record no. 20577)

MARC details
000 -LEADER
fixed length control field 00350nam a22001337a 4500
020 ## - INTERNATIONAL STANDARD BOOK NUMBER
ISBN 978-93-5179-158-4
082 ## - DEWEY DECIMAL CLASSIFICATION NUMBER
Classification number 303.61 KHA
100 ## - MAIN ENTRY--AUTHOR NAME
Author name Khan, Maulana Wahiduddin
245 ## - TITLE STATEMENT
Title Non-Violence and Peace-Building In Islam
260 ## - PUBLICATION, DISTRIBUTION, ETC. (IMPRINT)
Place of publication Noida
Name of publisher Goodword Books
Year of publication 2017
300 ## - PHYSICAL DESCRIPTION
Number of Pages 127
650 ## - SUBJECT ADDED ENTRY--TOPICAL TERM
Topical Term Non-violence-Religious aspects-Islam
942 ## - ADDED ENTRY ELEMENTS (KOHA)
Koha item type Books
Holdings
Home library Current library Shelving location Date acquired Source of acquisition Cost, normal purchase price Full call number Accession Number Koha item type
Henry Martyn Institute Library Henry Martyn Institute Library General stacks 08/01/2017 Director 200.00 303.61 KHA 11-3536 Books
                   Copyright © 2026 | Henry Martyn Institute | Hyderabad | TS-500052 | INDIA | Implemented by hmi.edu.in
Hit-Count:

Powered by Koha